000
00387nam a22001697a 4500
003
OSt
020
_a
978-987-07-0203-0
040
_a
ISFD N° 12
041
_a
ESP
082
_a
371.33
_b
GAN
245
_a
El mundo de los animales
246
_a
Biblioteca escolar
690
_a
ANIMALES
942
_2
ddc
_c
REV
999
_c
5363
_d
5363